Missing Word: Movie Words Ending in 'B' Quiz Stats

 Plays Quiz Updated Sep 8, 2015

Challenge
Share
Tweet
Embed
Score 0/16 Timer 04:00
2 Plays Today
Hint Missing Word % Correct
_____ & DumberDumb
98.9%
Charlotte's _____Web
97.7%
The Breakfast _____Club
97.7%
Lara Croft: _____ RaiderTomb
97.3%
The _____ SquarePants MovieSpongeBob
93.6%
Hot _____ Time MachineTub
92.7%
The Italian _____Job
92.5%
What About _____?Bob
86.2%
Hint Missing Word % Correct
_____'s LadderJacob
85.7%
_____ RoyRob
82.8%
Married to the _____Mob
82.7%
Do Not _____Disturb
73.2%
Dr. Strangelove or: How I Learned to Stop Worrying and Love the _____Bomb
67.9%
Adam's _____Rib
63.8%
_____ WireBarb
62.9%
Who's Harry _____?Crumb
54.7%

Today's Daily Dose

You're not logged in!

Compare scores with friends on all Sporcle quizzes.
Join for Free
OR
Log In

You Might Also Like...

Show Comments

Extras

Top Quizzes Today


Score Distribution

Your Account Isn't Verified!

In order to create a playlist on Sporcle, you need to verify the email address you used during registration. Go to your Sporcle Settings to finish the process.

Report this User

Report this user for behavior that violates our Community Guidelines.

Details: